Ligne 4 Métro Paris - Statistiques

Statistiques générales
  • Ce quiz a été pris 1 290 fois
  • Le résultat moyen est 20 sur 29
Statistiques - réponses
Indice Réponse % Correct
M1 M7 M11 M14 Châtelet
92%
RER A B D Les Halles
89%
M5 ; RER B D E ; Tr H K Gare du Nord
87%
M5 M7 ; Tr P Gare de l'Est
85%
T3b Porte de Clignancourt
84%
M6 M12 M13 ; Tr N Montparnasse - Bienvenüe
82%
M10 Odéon
79%
RER B C Saint-Michel
77%
Cité
75%
Saint-Placide
74%
Saint-Sulpice
74%
Château d'Eau
72%
M6 ; RER B Denfert - Rochereau
72%
Saint-Germain-des-Prés
67%
Château Rouge
66%
M8 M9 Strasbourg - Saint-Denis
66%
Alésia
65%
M3 Réaumur - Sébastopol
65%
M2 Barbès - Rochechouart
63%
T3a Porte d'Orléans
63%
M6 Raspail
62%
Bagneux - Lucie Aubrac
61%
Vavin
61%
Barbara
59%
Mairie de Montrouge
57%
Etienne Marcel
55%
M12 Marcadet - Poissonniers
52%
Mouton - Duvernet
52%
Simplon
52%
Aucun quiz correspondant
Distribution des résultats
% des personnes avec chaque résultat
Percentile par nombre de réponses
Votre historique - résultats
Vous n’avez pas pris ce quiz